000 00286nam a2200121 a 4500
008 101021s1989|||| d
100 1 _aKarvaš, Peter
245 1 0 _aNiet prístavov
_bTri novely
020 _c30
260 _bTatran
_aBratislava
_c1989
041 _aslo
044 _axo
_cSK
999 _c11918
_d11918